00730nam a2200205 a 450000100100000000500170001000800410002702000180006804000250008610000280011124501390013925000120027826000370029030000270032749000160035483000230037004900090039395201050040299900170050700003438820250128171711.0111004s1999 dr a 000 0 spa d a84-7953-338-2 aDO-SdBNPbspacBNPHU1 aJohnson, Spencer94689910aQuién se ha llevado mi queso :buna manera sorprendente de afrontar el cambio en el trabajo y en la vida privada /cSpencer Johnson. a10a ed. aBarcelona :bUrano, D.L.,c1999. a93 p. :bil. ;c23 cm.1 aEmpresa xxi 0aEmpresa xxi959809 aBNPD 0010718PDaGRbGRcCTd2011-10-04iLF1l0o p34388-10r2020-06-25w2020-06-25yLFPDZNo se presta c33879d33879